000 00605nam a22002297a 4500
003 UA-OsUOA
001 47943
007 ta
008 20070823b un ||||| |||| 00| 0 ukr d
100 _aРимаренко Ю. І.
090 _a323.1
_bР51
942 _cBK
040 _aUA-OsUOA
_bukr
_cUA-OsUOA
_dUA-OsUOA
245 _aБуржуазний націоналізм та його "теорія" нації
300 _a381 с.
955 _a1
041 _aukr
080 _a323.1
260 _aК.
_bНаукова думка
_c1974
650 7 _a32 Політика
_2UDC
999 _c334041
_d334041